000 00573nam a2200205Ia 4500
005 20250508163341.0
008 008 250505s9999 xx 000 0 eng d
037 _aTextual
040 _aFEDL
_beng
_cFEDL
041 _aeng
_2eng
084 _a150, GAG
_qFEDL
100 _aGagne Robert M
245 0 _aPsychology and human performance
260 _aNew York, USA
_bHolt, Rinehart and Winston
_c1959
300 _axiii,493p.
650 _aPsychology
700 _a Fleishman Edwin A
_9775181
942 _cTEXL
_h150, GAG
999 _c1382488
_d1382488